000 00546nam a2200181 a 4500
005 20210219152922.0
008 991125n 000 0 spa u
035 _aUPN01000067197
222 _aCOMUNICACION EDUCATIVA SEP
245 _aLos CETIS del D.F. se vinculan con las empresas del área
300 _a2
362 _a1988 Año 5, no. 54 mar.
653 0 _aCENTRO DE ESTUDIOS TECNOLOGICOS, INDUSTRIAL Y DE SERVICIOS (MEXICO)
653 0 _aDISTRITO FEDERAL (MEXICO)
653 0 _aEMPRESA
904 _aAC
_b005008
905 _aArticulo
999 _c63845
_d63845